[Event "40th Olympiad Women"]
[Site "Istanbul TUR"]
[Date "2012.09.06"]
[Round "9.12"]
[White "Borosova,Z"]
[Black "Seps,M"]
[Result "1-0"]
[WhiteElo "2280"]
[BlackElo "2227"]

1.e4 c5 2.Nf3 d6 3.Bb5+ Bd7 4.Bxd7+ Qxd7 5.O-O Nc6 6.Qe2 Nf6 7.Rd1 Rc8 8.c3 e6
9.d4 cxd4 10.Bg5 Be7 11.cxd4 O-O 12.Nc3 d5 13.e5 Ne8 14.Bxe7 Qxe7 15.Rac1 Nc7
16.Na4 Qb4 17.Nc5 Qb5 18.Qxb5 Nxb5 19.a4 Nc7 20.Nxb7 Na6 21.Nd6 Rc7 22.Nb5 Rcc8
23.Kf1 Nab4 24.Rc5 Na5 25.Nxa7 Rxc5 26.dxc5 Ra8 27.Nb5 Nb3 28.c6 Nxc6 29.Rd3 Nba5
30.Rc3 Nc4 31.b3 N4xe5 32.Nxe5 Nxe5 33.f4 Ng4 34.h3 Nf6 35.Nd6 Kf8 36.Rc7 Rd8
37.Nb7 Rb8 38.Nc5 Ke8 39.a5 Ne4 40.Nxe4 dxe4 41.a6 Ra8  1-0

[Event "40th Olympiad Women"]
[Site "Istanbul TUR"]
[Date "2012.09.06"]
[Round "9.29"]
[White "Kristinardottir,E"]
[Black "Dekic,B"]
[Result "1/2-1/2"]
[WhiteElo "1737"]
[BlackElo "2104"]

1.e4 c5 2.Nf3 d6 3.Bb5+ Nd7 4.d4 Nf6 5.Nc3 cxd4 6.Qxd4 e5 7.Qd3 h6 8.h3 a6
9.Bxd7+ Bxd7 10.Be3 b5 11.Nd5 Nxd5 12.Qxd5 Be7 13.O-O O-O 14.Rfd1 Be6 15.Qd2 Kh7
16.a4 Qc7 17.a5 Qc6 18.Qd3 Bc4 19.Qc3 Qxe4 20.Nd2 Qc6 21.Nxc4 bxc4 22.b3 Rac8
23.bxc4 f5 24.Rab1 Qxc4 25.Qxc4 Rxc4 26.Rb6 Ra8 27.Rb7 Bf8 28.Rdb1 Rxc2 29.Rb8 Rc8
30.Rxc8 Rxc8 31.Rb6 Ra8 32.f4 e4 33.g4 g6 34.Bd4 Kg8 35.Kf2 Kf7 36.Ke3 Ke6
37.Rc6 Kd7 38.Rb6 Be7 39.Rb7+ Ke6 40.Bc3 Bf8 41.Kd4 Rc8 42.Bd2 Be7 43.Rb6 Ra8
44.Bb4 Ra7 45.Ba3 Kf7 46.Ke3 Bd8 47.Rxd6 Bxa5 48.Bb2 Bb4 49.Rf6+ Ke7 50.Rxg6 Bc5+
51.Ke2 fxg4 52.hxg4 a5 53.Ba3 Kf7 54.Rxh6 Bd4 55.Rh7+  1/2-1/2

[Event "40th Olympiad Open"]
[Site "Istanbul TUR"]
[Date "2012.09.06"]
[Round "9.37"]
[White "Wall,G"]
[Black "Atabayev,M"]
[Result "0-1"]
[WhiteElo "2338"]
[BlackElo "2402"]

1.e4 c5 2.Nf3 d6 3.Bb5+ Bd7 4.a4 Nc6 5.d3 g6 6.O-O Bg7 7.Nbd2 Nf6 8.Nc4 O-O
9.Re1 d5 10.exd5 Nxd5 11.c3 a6 12.Bxc6 Bxc6 13.a5 Qc7 14.Nfe5 Bb5 15.Qf3 Rad8
16.Qh3 Qc8 17.Qh4 f6 18.Ng4 h5 19.Nge3 Nxe3 20.Bxe3 Qf5 21.Rad1 Rxd3 22.Rxd3 Qxd3
23.Nb6 Rd8 24.f3 c4 25.Bd4 e5 26.Bc5 Re8 27.Kf2 Re6 28.Re3 Qf5 29.Re2 Bh6
30.g4 Qg5 31.Qg3 Qf4 32.gxh5 Qxg3+ 33.hxg3 gxh5 34.f4 Kf7 35.f5 Rc6 36.Ba3 Bg5
37.Kf3 Kg7 38.Rh2 Rc7 39.Rxh5 Bc6+ 40.Kf2 Be8 41.Rh1 Kg8 42.Rd1 Rh7 43.Rd8 Kf7
44.Nxc4 Bc6 45.Nd6+ Kg7 46.Ne8+ Kh6 47.Bc5 Kh5 48.Be3 Bxe8 49.Rxe8 Kg4 50.Bxg5 Kxg5
51.Kf3 Kxf5 52.g4+ Kg6 53.Rb8 f5 54.Rg8+ Kf7 55.Rb8 fxg4+ 56.Ke4 Kf6 57.Rf8+ Kg5
58.Rg8+ Kh4 59.Kxe5 g3 60.Kd6 Kh3 61.b4 g2 62.c4 Rh4 63.Rxg2 Kxg2 64.Kc5 Rh6  0-1

[Event "40th Olympiad Women"]
[Site "Istanbul TUR"]
[Date "2012.09.06"]
[Round "9.29"]
[White "Thorsteinsdottir,H"]
[Black "Guo,E"]
[Result "0-1"]
[WhiteElo "1957"]
[BlackElo "2004"]

1.e4 c5 2.Nf3 d6 3.Bb5+ Nc6 4.c3 Nf6 5.Qe2 Bd7 6.d4 cxd4 7.cxd4 a6 8.Bxc6 Bxc6
9.Nc3 d5 10.e5 Ne4 11.e6 f6 12.Nh4 g6 13.f4 Qb6 14.f5 Qxd4 15.Nxe4 dxe4 16.fxg6 hxg6
17.Nxg6 Rxh2 18.Rxh2 Qg1+ 19.Qf1 Qxh2 20.Bf4 Qh5 21.Nxf8 Bb5 22.Qf2 Qh1+
23.Kd2 Qxa1 24.Qh4 Qxb2+ 25.Kd1 Qe2+ 26.Kc1 Rc8+  0-1

[Event "9th LGA Premium Cup"]
[Site "Nuernberg GER"]
[Date "2012.09.06"]
[Round "1.57"]
[White "Maier,Al"]
[Black "Lais,T"]
[Result "1-0"]
[WhiteElo "2303"]
[BlackElo "1956"]

1.e4 c5 2.Nf3 d6 3.Bb5+ Nc6 4.O-O Bd7 5.c3 Nf6 6.Re1 a6 7.Bxc6 Bxc6 8.d4 cxd4
9.cxd4 Bxe4 10.Bg5 Qa5 11.Nc3 Bxf3 12.Qxf3 Qxg5 13.Qxb7 Rd8 14.Qc6+ Rd7 15.d5 g6
16.Ne4 Qf4 17.Qa4 Nxe4 18.Rxe4 Qf5 19.Rc1 e5 20.g4 Qg5 21.Rc8+ Ke7 22.Rec4  1-0

[Event "11th Istanbul Open A"]
[Site "Istanbul TUR"]
[Date "2012.09.07"]
[Round "8"]
[White "Dzhumadullayev,K"]
[Black "Buyukasik,D"]
[Result "0-1"]
[WhiteElo "2254"]
[BlackElo "2003"]

1.e4 c5 2.Nf3 d6 3.Bb5+ Nd7 4.d4 Nf6 5.Nc3 cxd4 6.Qxd4 e5 7.Qd3 h6 8.O-O Be7
9.Nd5 Nxd5 10.Qxd5 O-O 11.Rd1 Qc7 12.Qc4 Qxc4 13.Bxc4 Nf6 14.Re1 Be6 15.Bxe6 fxe6
16.c4 Rfc8 17.b3 a6 18.Ba3 Nd7 19.Rad1 Rc6 20.Re2 Kf7 21.Ne1 b5 22.cxb5 axb5
23.Bb4 Nc5 24.Rc2 Rac8 25.Rdc1 Bg5 26.Rd1 Nxe4 27.Re2 d5 28.f3 Nc3 29.Bxc3 Rxc3
30.Nd3 Bf6 31.Rdd2 Bg5 32.Nxe5+ Kf6 33.Ng4+ Kf7 34.Rd1 Rc1 35.Rxc1 Rxc1+
36.Kf2 d4 37.Ne5+ Kf6 38.Nd3 Rc3 39.Nb4 d3 40.Re1 Rc2+ 41.Kf1 Bd2 42.Re4 Bxb4
43.Rxb4 Rc1+  0-1

[Event "40th Olympiad Women"]
[Site "Istanbul TUR"]
[Date "2012.09.07"]
[Round "10.10"]
[White "Rudolf,An"]
[Black "Nikolova,A"]
[Result "1/2-1/2"]
[WhiteElo "2289"]
[BlackElo "2299"]

1.e4 c5 2.Nf3 d6 3.Bb5+ Nd7 4.d4 a6 5.Bxd7+ Bxd7 6.Nc3 cxd4 7.Qxd4 e5 8.Qd3 h6
9.Nd2 Rc8 10.Nc4 Qc7 11.Ne3 Nf6 12.a4 Be7 13.O-O Qc5 14.Bd2 Be6 15.Rfd1 O-O
16.Be1 Rfd8 17.b3 Bf8 18.Ra2 g6 19.Ncd5 Nxd5 20.Nxd5 Kg7 21.Bb4 Qc6 22.c4 Rd7
23.Qe3 Rb8 24.Bd2 Kh8 25.Nb6 Rdd8 26.a5 f5 27.exf5 gxf5 28.Bc3 Bg7 29.f4 e4
30.Bxg7+ Kxg7 31.Rad2 Kh7 32.Kh1 Qc7 33.g4 Qe7 34.g5 hxg5 35.fxg5 Kg8 36.Qf4 Bf7
37.Re1 Qe5 38.Qe3 Bh5 39.Nd5 Bf3+ 40.Kg1 Rf8 41.Nf6+ Rxf6 42.gxf6 Kf7 43.Qb6 Rg8+
44.Kf1 Qf4 45.Qc7+ Kxf6 46.Qxd6+ Qxd6 47.Rxd6+ Ke5 48.Rd7 Rg2 49.Rxb7 Rxh2
50.Re7+ Kf4 51.c5 Rc2 52.b4 Kg3 53.Re6 Bg4 54.Rxa6 Rb2 55.Rb6 Rf2+ 56.Kg1 Rg2+
57.Kf1 Rf2+ 58.Kg1 Rg2+ 59.Kf1 Rf2+ 60.Kg1 Rg2+  1/2-1/2

[Event "40th Olympiad Women"]
[Site "Istanbul TUR"]
[Date "2012.09.07"]
[Round "10.54"]
[White "Oh,Minah"]
[Black "Smith,Ja"]
[Result "1-0"]
[WhiteElo "1522"]
[BlackElo "1689"]

1.e4 c5 2.Nf3 d6 3.Bb5+ Nc6 4.d4 cxd4 5.Nxd4 Bd7 6.Nc3 Nf6 7.O-O e6 8.Bg5 Be7
9.Qd2 O-O 10.Rad1 a6 11.Nxc6 Bxc6 12.Bxc6 bxc6 13.Rfe1 Rb8 14.Na4 d5 15.exd5 cxd5
16.Qe2 Qa5 17.b3 Bb4 18.Bd2 Bxd2 19.Rxd2 Ne4 20.Rd3 Rfc8 21.Rc1 Nc5 22.Nxc5 Rxc5
23.a4 Rbc8 24.h3 h6 25.Rg3 d4 26.Qg4 Rg5 27.Qxd4 Rxg3 28.fxg3 Rd8 29.Qf4 Qc5+
30.Kh2 e5 31.Qf5 Rd6 32.c4 Qe3 33.Rf1 f6 34.Qc8+ Kh7 35.c5 Qc3 36.Rf3 Qc1
37.Qf5+ g6 38.Qc8 Rd1 39.Qc7+ Kg8 40.Qc8+ Kf7 41.Qb7+ Kg8 42.g4 Rh1+ 43.Kg3 Qe1+
44.Rf2 Qe3+ 45.Qf3 Qxc5 46.Qxf6 Qe3+ 47.Qf3 Qxf3+ 48.gxf3 Kf7 49.Rb2 Ke6
50.b4 Ra1 51.b5 axb5 52.axb5 Ra7 53.Rc2 Rd7 54.b6 Kd6 55.Kf2 Rb7 56.Rb2 Ke6
57.Ke3 Kf6 58.Ke4 Ke6 59.Rb5 Kd6 60.h4 Ke6 61.Rxe5+ Kf6 62.Rb5 Ke6 63.f4  1-0

[Event "40th Olympiad Women"]
[Site "Istanbul TUR"]
[Date "2012.09.07"]
[Round "10.23"]
[White "Bhatia,K"]
[Black "Lacau Rodean,I"]
[Result "1/2-1/2"]
[WhiteElo "2103"]
[BlackElo "1999"]

1.e4 c5 2.Nf3 d6 3.Bb5+ Bd7 4.Bxd7+ Nxd7 5.O-O Ngf6 6.Qe2 e6 7.c3 Be7 8.Rd1 O-O
9.d4 cxd4 10.cxd4 d5 11.e5 Ne8 12.Nc3 Nc7 13.Bf4 a6 14.a4 Rb8 15.Rd3 b5 16.axb5 axb5
17.Nd2 Bg5 18.Bxg5 Qxg5 19.Rg3 Qf5 20.Nd1 Ra8 21.Rc1 Rfc8 22.Rgc3 Ra7 23.Ne3 Qf4
24.Nb3 h6 25.g3 Qe4 26.f3 Qg6 27.Rc6 Nb8 28.R6c2 Nd7 29.Ng2 Nb6 30.f4 Nc4
31.Nh4 Qe4 32.Qxe4 dxe4 33.Re1 Ra2 34.Nd2 Rxb2 35.Rxb2 Nxb2 36.Nxe4 Nd5 37.Nd6 Rc2
38.Nxb5 Nd3 39.Rd1 Nf2 40.Ra1 Ne3 41.Nd6 Nh3+ 42.Kh1 Nf2+ 43.Kg1 Nh3+ 44.Kh1 Nf2+  1/2-1/2

[Event "9th LGA Premium Cup"]
[Site "Nuernberg GER"]
[Date "2012.09.07"]
[Round "3.40"]
[White "Wolter,Je"]
[Black "Seyb,A"]
[Result "1/2-1/2"]
[WhiteElo "2102"]
[BlackElo "2313"]

1.e4 c5 2.Nf3 d6 3.Bb5+ Nd7 4.O-O Nf6 5.Re1 a6 6.Bf1 b6 7.c3 Bb7 8.d3 g6
9.h3 Bg7 10.Be3 O-O 11.Nbd2 Qc7 12.Rc1 Rfe8 13.Qc2 Rac8 14.Qb1 e5 15.c4 Nh5
16.Qc2 Nf4 17.Nb1 Ne6 18.Nc3 Nd4 19.Qd1 Qb8 20.Nd5 b5 21.b3 Nf6 22.Nxd4 cxd4
23.Nxf6+ Bxf6 24.Bd2 Bc6 25.g3 bxc4 26.bxc4 Qc7  1/2-1/2

[Event "9th LGA Premium Cup"]
[Site "Nuernberg GER"]
[Date "2012.09.07"]
[Round "4.5"]
[White "Mainka,R"]
[Black "Nyzhnyk,I"]
[Result "0-1"]
[WhiteElo "2457"]
[BlackElo "2614"]

1.e4 c5 2.Nf3 d6 3.Bb5+ Nd7 4.c3 Nf6 5.Qe2 a6 6.Ba4 b5 7.Bc2 Bb7 8.O-O c4
9.b3 Qc7 10.bxc4 bxc4 11.Na3 d5 12.e5 Ne4 13.Rb1 Nec5 14.Re1 e6 15.Nd4 Be7
16.d3 cxd3 17.Bxd3 Nxe5 18.Bc2 Ng6 19.c4 O-O 20.cxd5 Bxd5 21.Nf3 Rab8 22.Rxb8 Rxb8
23.Nc4 Nf4 24.Bxf4 Qxf4 25.Nfe5 g6 26.g3 Qd4 27.Rd1 Qc3 28.h4 Bf6 29.h5 Bg7
30.hxg6 hxg6 31.Bb3 Nxb3 32.axb3 Rxb3  0-1

[Event "3rd Oliver Gonzalez Mem Open A"]
[Site "Madrid ESP"]
[Date "2012.09.08"]
[Round "8.30"]
[White "Castelllanos,J"]
[Black "Madurga Lopez,I"]
[Result "0-1"]
[WhiteElo "2201"]
[BlackElo "2052"]

1.e4 c5 2.Nf3 d6 3.Bb5+ Bd7 4.a4 a6 5.Bxd7+ Qxd7 6.O-O Nc6 7.d3 g6 8.a5 Bg7
9.Nbd2 d5 10.Nb3 Qd6 11.exd5 Qxd5 12.c4 Qd6 13.Be3 Nd4 14.Nbxd4 cxd4 15.Qa4+ Kf8
16.Bd2 Qc6 17.Qa3 Bf6 18.Bb4 Nh6 19.Rae1 Nf5 20.Re4 h5 21.Bc5 Rd8 22.Ne5 Bxe5
23.Rxe5 Rd7 24.Rfe1 Qc7 25.R1e4 f6 26.Bb6 Qd6 27.Bc5 Qc7 28.Re6 Kf7 29.Qb4 Re8
30.Bb6 Qc8 31.Re1 Ne3 32.fxe3 Kxe6 33.exd4+ Kf7 34.d5 Qb8 35.Re6 Rd6 36.c5 Rxd5
37.Re3 Rg5 38.Qb3+ Kf8 39.d4 Rf5 40.g3 Qc8 41.d5 Qd7 42.Rd3 Re5 43.Qd1 Qf5
44.Qd2 Re1+ 45.Qxe1 Qxd3 46.Qe6 Qb1+ 47.Kf2 Qxb2+ 48.Kg1 Qb1+ 49.Kf2 Qc2+
50.Kf1 Qxh2 51.d6 Qxg3 52.d7 Qf3+ 53.Kg1 Qg4+ 54.Qxg4 hxg4 55.Kg2 f5 56.Kg3 g5
57.dxe8=Q+ Kxe8 58.Bc7 Kd7 59.Bb6 e6 60.Ba7 Kc6 61.Bb6 Kb5 62.Bd8 Kxc5 63.Bxg5 e5
64.Bd8 Kd5 65.Bb6 Ke4 66.Ba7 Kd3 67.Bc5 Ke2 68.Bb6 Kd3 69.Bc5 Kc4 70.Bb6 Kd3
71.Bc5 Ke2 72.Bb6 f4+ 73.Kxg4 f3 74.Kf5 f2 75.Bxf2 Kxf2 76.Kxe5 Ke3 77.Kd6 Kd4
78.Kc7 Kc5  0-1

[Event "40th Olympiad Open"]
[Site "Istanbul TUR"]
[Date "2012.09.09"]
[Round "11.38"]
[White "Cuartas,Ja"]
[Black "Gruenfeld,Y"]
[Result "1/2-1/2"]
[WhiteElo "2521"]
[BlackElo "2434"]

1.e4 c5 2.Nf3 d6 3.Bb5+ Bd7 4.Bxd7+ Qxd7 5.c4 Nc6 6.O-O g6 7.Nc3 Bg7 8.d3 Nh6
9.Be3 O-O 10.Qd2 Ng4 11.h3 Nxe3 12.fxe3 e6 13.d4 Qe7 14.Rad1 Rad8 15.Kh1 a6
16.Qe2 Rc8 17.b3 Qc7 18.Nb1 Rce8 19.Qd2 Rd8 20.Na3 Qa5 21.Qxa5 Nxa5 22.Kg1 Nc6
23.Nc2 Rfe8 24.Kf2 b5 25.Ke2 bxc4 26.bxc4 Rb8 27.Rb1 f5 28.Kd3 Bh6 29.g4 fxe4+
30.Kxe4 Nb4 31.Nxb4 cxb4 32.g5 Bg7 33.Nd2 a5 34.Kd3 a4 35.Ne4 d5 36.Nc5 dxc4+
37.Kxc4 e5 38.d5 Bf8 39.Nd7 Rbc8+ 40.Kb5 Be7 41.Nf6+ Bxf6 42.Rxf6 Rc2 43.Rxb4 Rxa2
44.Ra6 Rb8+ 45.Kc5 Rc2+ 46.Rc4 Rc8+ 47.Rc6 Rxc4+ 48.Kxc4 Ra8 49.d6 Kf7 50.d7 Rd8
51.Ra6 Rxd7 52.Rxa4 Ke6 53.e4 Rd4+ 54.Kb5 Rd3 55.Ra6+ Kf7 56.Ra7+ Ke6 57.Rxh7 Rd4
58.Rh4 Kf7 59.Kc5 Kg7 60.Rf4 Ra4 61.Rg4 Rd4 62.Rf4 Ra4 63.Rg4 Rd4  1/2-1/2

[Event "40th Olympiad Open"]
[Site "Istanbul TUR"]
[Date "2012.09.09"]
[Round "11.53"]
[White "Kassis,A LIB"]
[Black "Ortiz,Ma"]
[Result "1-0"]
[WhiteElo "2209"]
[BlackElo "2171"]

1.e4 c5 2.Nf3 d6 3.Bb5+ Nc6 4.O-O Bd7 5.Re1 Nf6 6.c3 a6 7.Bxc6 Bxc6 8.d4 Bxe4
9.Bg5 Bd5 10.Nbd2 b5 11.b3 c4 12.bxc4 bxc4 13.Nh4 e6 14.Nf5 Qc7 15.Ne3 Qc6
16.Bxf6 gxf6 17.Qh5 f5 18.Nxf5 Rg8 19.f3 O-O-O 20.Ne3 e5 21.Nxd5 Qxd5 22.Qxh7 Rg6
23.Qh3+ Kc7 24.Qf5 Bh6 25.Ne4 Rdg8 26.g3 Qe6 27.Qxe6 Rxe6 28.dxe5 dxe5 29.Rad1 Kc6
30.Nd2 Kc5 31.Re4 Bxd2 32.Rxd2 f5 33.Re1 Rge8 34.Red1 Kc6 35.Rd8 Rxd8 36.Rxd8 e4
37.fxe4 Rxe4 38.Kf2 f4 39.g4 Re3 40.g5 Kc7 41.Rf8 Rxc3 42.g6 Rc2+ 43.Kf3 Rc1
44.g7 Rf1+ 45.Ke4  1-0

[Event "40th Olympiad Women"]
[Site "Istanbul TUR"]
[Date "2012.09.09"]
[Round "11.43"]
[White "Acevedo Mendez,Lisseth"]
[Black "Ooft,Tesora"]
[Result "1-0"]
[WhiteElo "1843"]
[BlackElo "1716"]

1.e4 c5 2.Nf3 d6 3.Bb5+ Nd7 4.d4 cxd4 5.Qxd4 a6 6.Bxd7+ Bxd7 7.c4 e5 8.Qd3 h6
9.O-O Nf6 10.Nc3 Be7 11.h3 O-O 12.Be3 Qc7 13.Nd2 Rac8 14.Rac1 Be6 15.b3 Qb8
16.Nd5 Nxd5 17.exd5 Bd7 18.f4 f5 19.Qe2 Rfe8 20.Qh5 Bf6 21.fxe5 dxe5 22.Qg6 f4
23.Ne4 Be7 24.Rxf4 Qc7 25.Rf7  1-0

[Event "40th Olympiad Open"]
[Site "Istanbul TUR"]
[Date "2012.09.09"]
[Round "11.9"]
[White "Mamedov,Rau"]
[Black "Negi,P"]
[Result "1/2-1/2"]
[WhiteElo "2634"]
[BlackElo "2664"]

1.e4 c5 2.Nf3 d6 3.Bb5+ Bd7 4.Bxd7+ Qxd7 5.O-O Nf6 6.Qe2 Nc6 7.Rd1 g6 8.c3 Qg4
9.Re1 Ne5 10.Nxe5 Qxe2 11.Rxe2 dxe5 12.Na3 Bg7 13.Nc4 Nd7 14.d3 O-O 15.a4 b6
16.Be3 Rfd8 17.Rd2 Rac8 18.g4 Nf8 19.f4 exf4 20.Bxf4 Ne6 21.Be3 Bf6 22.Rad1 Bg5
23.Kf2 Bf4 24.h4 h6 25.Bxf4 Nxf4 26.b3 g5 27.Ke3 f6 28.h5 Kf7 29.Kf3 Rb8
30.d4 b5 31.Na5 bxa4 32.Nc6 axb3 33.Nxd8+ Rxd8 34.dxc5 Rb8 35.c6 Ne6 36.Rb2 Rb6
37.Rd5 a6 38.Ke3 Nc7 39.Rc5 Ke6 40.Kd3 Kd6 41.Kc4 e5 42.Ra5 Ne6 43.c7 Kxc7
44.Rxb3 Rc6+ 45.Kb4 Rb6+ 46.Kc4 Rc6+ 47.Kb4 Rb6+ 48.Ka3 Rc6 49.Kb4  1/2-1/2

[Event "40th Olympiad Women"]
[Site "Istanbul TUR"]
[Date "2012.09.09"]
[Round "11.39"]
[White "Akintola,Olufunmilayo"]
[Black "Frick,D"]
[Result "0-1"]
[WhiteElo "1747"]
[BlackElo "1896"]

1.e4 c5 2.Nf3 d6 3.Bb5+ Nc6 4.Bxc6+ bxc6 5.d3 Bg4 6.h3 Bxf3 7.Qxf3 g6 8.Nc3 Bg7
9.Bd2 Qb6 10.Rb1 Nf6 11.O-O O-O 12.Qe2 Nd7 13.Kh1 Rfe8 14.Na4 Qb5 15.b3 Nb6
16.Nb2 Rad8 17.a4 Qa6 18.Nd1 Qb7 19.Bc3 Nxa4 20.Bxg7 Kxg7 21.Qd2 Nb6 22.Ra1 Ra8
23.Qa5 a6 24.Ne3 Nd7 25.Qc3+ Kg8 26.Ra5 d5 27.Qa1 Ra7 28.Qa3 dxe4 29.dxe4 Qb4
30.Ra4 Qb5 31.Nc4 Nb6 32.Ra5 Nxc4 33.bxc4 Qxc4 34.Re1 Qxc2 35.Qxc5 Qxc5 36.Rxc5 Rc8
37.Rec1 a5 38.Rxc6 Rxc6 39.Rxc6 a4 40.Rc2 a3 41.Ra2 Kg7 42.Kg1 Kf6 43.Kf1 Ke5
44.Ke2 Kxe4 45.f3+ Kd4 46.Kd2 Kc4 47.Kc2 Kb4 48.Ra1 Rc7+ 49.Kd3 Rc3+ 50.Kd2 Rb3
51.Kc1 Rb2 52.Rb1 Rxb1+ 53.Kxb1 Kb3 54.f4 h5 55.g4 hxg4 56.hxg4 Kc3 57.Ka2 Kd4
58.f5 gxf5 59.gxf5 Ke5 60.Kxa3 Kxf5  0-1

[Event "I Open Distrito de Chamartin"]
[Site "Madrid ESP"]
[Date "2012.09.09"]
[Round "1.13"]
[White "Castelllanos,J"]
[Black "Narro Jimenez,J"]
[Result "1-0"]
[WhiteElo "2201"]
[BlackElo "1835"]

1.e4 c5 2.Nf3 d6 3.Bb5+ Bd7 4.a4 a6 5.Bxd7+ Qxd7 6.O-O Nf6 7.d3 Nc6 8.Nbd2 g6
9.Nc4 Qc7 10.h3 Bg7 11.a5 Nd7 12.Bf4 O-O 13.Qd2 b5 14.axb6 Nxb6 15.Nxb6 Qxb6
16.Rfb1 Rfb8 17.Qd1 a5 18.Ra4 Qb5 19.b3 e5 20.Be3 Nb4 21.Rba1 Nc6 22.Nd2 Rd8
23.R1a3 d5 24.exd5 Nb4 25.c4 Qb6 26.Ne4 Bf8 27.Bg5 Rdc8 28.Nf6+ Kh8 29.Nd7 Qd6
30.Nxf8 Rxf8 31.Rxa5 Rxa5 32.Rxa5 f5 33.Be3 Rc8 34.Qd2 f4 35.Bxc5  1-0

[Event "11th Kesarovski-Stanchev Mem"]
[Site "Sunny Beach BUL"]
[Date "2012.09.09"]
[Round "9.3"]
[White "Spasov,V"]
[Black "Georgiev,Kr"]
[Result "1-0"]
[WhiteElo "2581"]
[BlackElo "2423"]

1.e4 c5 2.Nf3 d6 3.Bb5+ Bd7 4.Bxd7+ Qxd7 5.c4 Nc6 6.d4 cxd4 7.Nxd4 Nf6 8.Nc3 g6
9.h3 Bg7 10.Be3 O-O 11.O-O Rfc8 12.b3 a6 13.a4 Qd8 14.Qd2 Nd7 15.Rab1 Nc5
16.Rfd1 Na5 17.Qc2 Rab8 18.b4 Nxc4 19.bxc5 Na3 20.Qb3 Nxb1 21.Nxb1 dxc5 22.Ne6 Qa5
23.Nxg7 Kxg7 24.Nc3 b5 25.axb5 axb5 26.Nd5 Qa4 27.Qb2+ f6 28.Ra1 Qxe4 29.Ra7  1-0

[Event "US Chess League 2012"]
[Site "ICC INT"]
[Date "2012.09.12"]
[Round "2"]
[White "Wang,Andrew C"]
[Black "Xiong,Jeffrey"]
[Result "0-1"]
[WhiteElo "2167"]
[BlackElo "2220"]

1.e4 c5 2.Nf3 d6 3.Bb5+ Nc6 4.d4 cxd4 5.Qxd4 Bd7 6.Bxc6 Bxc6 7.Bg5 e5 8.Qd3 f6
9.Be3 f5 10.Ng5 f4 11.Ne6 Qe7 12.Nxf8 fxe3 13.Qxe3 Qxf8 14.O-O Qf4 15.Qd3 Qxe4
16.Qh3 Ne7 17.Nc3 Qf5 18.Qg3 Qg6 19.Qh3 O-O 20.Rad1 Rf3  0-1

[Event "zt 3.5 China Men 2012"]
[Site "Beijing CHN"]
[Date "2012.09.16"]
[Round "4.13"]
[White "Wang Chen"]
[Black "Zhang,Ziji"]
[Result "1-0"]
[WhiteElo "2485"]
[BlackElo "2118"]

1.e4 c5 2.Nf3 d6 3.Bb5+ Bd7 4.Bxd7+ Qxd7 5.O-O Nf6 6.Re1 Nc6 7.c3 e6 8.d4 cxd4
9.cxd4 d5 10.e5 Ne4 11.Nbd2 Nxd2 12.Bxd2 Bb4 13.Rc1 Bxd2 14.Qxd2 O-O 15.Qd3 h6
16.Qa3 Rfc8 17.Rc5 b6 18.Rc3 Ne7 19.Rec1 Rxc3 20.Rxc3 Rc8 21.Rxc8+ Nxc8 22.g3 Ne7
23.Kg2 Qc7 24.Qa4 Kf8 25.Qa6 Kg8 26.Qb5 Kf8 27.b4 Nc6 28.a3 a5 29.Qd3 axb4
30.axb4 Ne7 31.Qa3 Qc6 32.Qa7 Nc8 33.Qa6 Ne7 34.b5 Qc7 35.Ne1 Nc8 36.Nd3 Na7
37.Nb4 Qd7 38.Qxb6 Qxb5 39.Qd8+ Qe8 40.Qc7 Nc8 41.Nc6 Ne7 42.Nd8 Nf5 43.Nb7 Qe7
44.Qc8+ Qe8 45.Qc7 Qe7 46.Qb6 Qd7 47.Qb4+ Kg8 48.Nd6 h5 49.Qb8+ Kh7 50.Nxf5 exf5
51.Qd6 Qb5 52.e6 fxe6 53.Qxe6 g6 54.Qf7+ Kh6 55.Qg8 Qe2 56.Qxd5 h4 57.h3 hxg3
58.Kxg3 Qf1 59.Qe5 Qg1+ 60.Kf3 Qh1+ 61.Ke2 Qxh3 62.Qh8+  1-0

[Event "TCh-HUN 2012-13"]
[Site "Paks HUN"]
[Date "2012.09.16"]
[Round "1"]
[White "Gara,A"]
[Black "Antal,T"]
[Result "0-1"]
[WhiteElo "2311"]
[BlackElo "2333"]

1.e4 c5 2.Nf3 d6 3.Bb5+ Nc6 4.O-O Bd7 5.Re1 a6 6.Bxc6 Bxc6 7.d4 cxd4 8.Nxd4 Nf6
9.Nc3 e6 10.Bg5 Be7 11.Qd3 h6 12.Bxf6 gxf6 13.Qg3 Qb6 14.Qg7 Kd7 15.Rad1 Raf8
16.Rd3 Qa5 17.Nxc6 bxc6 18.e5 Rhg8 19.Qxh6 fxe5 20.Qe3 Rb8 21.Ne4 d5 22.b3 f5
23.Qa7+ Qc7 24.Nc5+ Bxc5 25.Qxc5 Rb5 26.Qe3 e4 27.c4 Rbb8 28.cxd5 exd5 29.Rd2 Rbe8
30.Rc1 Re6 31.Qc3 Qd6 32.Qa5 Rh6 33.g3 e3 34.Rdc2 exf2+ 35.Rxf2 Rxg3+ 36.Kh1 Rgh3
37.Qd2 d4 38.Rc4 Qd5+ 39.Kg1 Rg6+ 40.Rg2 Rd3 41.Rc5 Rxg2+  0-1

[Event "zt 3.5 China Men 2012"]
[Site "Beijing CHN"]
[Date "2012.09.18"]
[Round "7.3"]
[White "Lu Shanglei"]
[Black "Gao Rui"]
[Result "1-0"]
[WhiteElo "2542"]
[BlackElo "2442"]

1.e4 c5 2.Nf3 d6 3.Bb5+ Bd7 4.Bxd7+ Qxd7 5.c4 Nf6 6.Nc3 g6 7.d4 cxd4 8.Nxd4 Bg7
9.f3 O-O 10.O-O Nc6 11.Be3 a6 12.Rc1 Nxd4 13.Bxd4 b5 14.cxb5 axb5 15.a3 Rab8
16.Na2 Rfc8 17.Qd3 h5 18.Rxc8+ Rxc8 19.Rc1 e5 20.Rxc8+ Qxc8 21.Be3 Qb8 22.Nb4 Bf8
23.g3 Qb7 24.Kg2 Ne8 25.Qd5 Qd7 26.Qc6 Qxc6 27.Nxc6 d5 28.exd5 Bd6 29.f4 e4
30.Bd4 f6 31.Na7 Nc7 32.Bxf6 Bc5 33.Be5 Nxd5 34.Nxb5 Nc7 35.Na7 Nd5 36.Nb5 g5
37.Nc3 Ne3+ 38.Kh1 gxf4 39.gxf4  1-0

[Event "DYTM KL Open 2012"]
[Site "Kuala Lumpur MAS"]
[Date "2012.09.18"]
[Round "2.28"]
[White "Greenwood,Martin C"]
[Black "Alpysbayeva,A"]
[Result "1/2-1/2"]
[WhiteElo "1635"]
[BlackElo "1967"]

1.e4 c5 2.Nf3 d6 3.Bb5+ Bd7 4.Bxd7+ Nxd7 5.O-O Ngf6 6.Qe2 Qc7 7.c3 e6 8.d4 Be7
9.Rd1 O-O 10.e5 dxe5 11.dxe5 Nd5 12.c4 Nb4 13.Nc3 a6 14.Bf4 Nc6 15.Rd2 Rad8
16.Rad1 Nb6 17.Ne4 Rxd2 18.Rxd2 Rd8 19.b3 Nc8 20.g4 Nd4 21.Nxd4 cxd4 22.Bg3 Qc6
23.f4 b5 24.cxb5 axb5 25.Bf2 Qb6 26.Qd1 Na7 27.Rxd4 Rxd4 28.Bxd4 Qd8 29.Qd2 Nc6
30.Be3 Qa8 31.Nd6 b4 32.Qc2 g5 33.fxg5 Nxe5 34.Qc8+ Qxc8 35.Nxc8 Bd8 36.Bc5 Nd3
37.Be3 Kg7 38.Kf1 f6 39.Ke2 Ne5 40.gxf6+ Bxf6 41.g5 Bd8 42.Bd4 Bc7 43.h4 Kg6
44.Bc5 Ba5 45.Nd6 Nd7 46.Bf2 Bc7 47.Nc4 Bd8 48.Bg3 Kh5 49.a4 bxa3 50.Nxa3 h6
51.gxh6 Kxh6 52.Nc2 Kh5 53.Nd4 e5 54.Nc6 Bxh4 55.Bxe5 Nxe5 56.Nxe5  1/2-1/2

[Event "US Chess League 2012"]
[Site "ICC INT"]
[Date "2012.09.19"]
[Round "3"]
[White "Schneider,Dm"]
[Black "Riordan,C"]
[Result "1/2-1/2"]
[WhiteElo "2477"]
[BlackElo "2339"]

1.e4 c5 2.Nf3 d6 3.Bb5+ Bd7 4.Bxd7+ Qxd7 5.O-O Nf6 6.Re1 Nc6 7.c3 e6 8.d4 cxd4
9.cxd4 d5 10.e5 Ne4 11.Nbd2 Nxd2 12.Bxd2 Be7 13.Bg5 O-O 14.Bxe7 Qxe7 15.Qd2 Rfc8
16.a3 a5 17.Rac1 Qd8 18.Rc5 b6 19.Rc3 Ne7 20.Rd3 Qc7 21.Rc3 Qd7 22.Rb3 Rab8
23.h4 Qa4 24.Ree3 Rc4 25.Red3 h6 26.h5 Qd7 27.Nh4 Nf5 28.Nxf5 exf5 29.Rf3 a4
30.Rbd3 Rbc8 31.Rf4 Qe7 32.Rg3 Rc1+ 33.Kh2 R1c2 34.Qd3 Rxb2 35.Qxf5 Qe6 36.Qf6 Qxf6
37.exf6 Kh8 38.fxg7+ Kg8 39.Rf6 Rb3 40.Rxb3 axb3 41.Rxb6 Rc4 42.Rxb3 Rxd4
43.Kg3 Kxg7 44.f3 Kf6 45.Rb4 Rd2 46.Rf4+ Ke6 47.Ra4 Kf5 48.Rf4+ Ke6 49.Ra4 d4
50.Kf4 Kd5 51.g4 Re2 52.Ra8 d3 53.Rd8+ Kc4 54.a4 Kc3 55.a5 Ra2 56.Ke3 Re2+
57.Kf4 d2 58.a6 Re6 59.a7 Ra6 60.Ke3 Re6+ 61.Kf4 Ra6 62.Ke3 Re6+  1/2-1/2

[Event "TCh-CHN 2012"]
[Site "Hangzhou CHN"]
[Date "2012.09.22"]
[Round "11"]
[White "Yu Ruiyuan"]
[Black "Li Chao2"]
[Result "1/2-1/2"]
[WhiteElo "2511"]
[BlackElo "2703"]

1.e4 c5 2.Nf3 d6 3.Bb5+ Bd7 4.Bxd7+ Qxd7 5.c4 Nf6 6.Nc3 Nc6 7.d4 Qg4 8.O-O Nxd4
9.Nxd4 Qxd1 10.Rxd1 cxd4 11.Rxd4 Rc8 12.b3 g6 13.Bb2 Bg7 14.Rd2 Nd7 15.Re1 Be5
16.Nb5 a6 17.Bxe5 Nxe5 18.Nd4 g5 19.f3 Ng6 20.Kf2 h5 21.Rc2 f6 22.Rec1 Kf7
23.Ke3 b6 24.b4 h4 25.c5 dxc5 26.bxc5 bxc5 27.Rxc5 Rxc5 28.Rxc5 Rb8 29.g3 Rb1
30.Rc2 Ne5 31.gxh4 gxh4 32.Nf5 h3 33.f4 Ng6 34.Nd4 Re1+ 35.Ne2 Rf1 36.Rc1 Rxc1
37.Nxc1 e5 38.f5 Ne7 39.Kf3 Nc6 40.Kg3 Nd4 41.a4 Ke7 42.Na2 Nb3 43.Kxh3 Nc5
44.Nc3 a5 45.Kg4 Kf7 46.Kf3 Kg7 47.Ke3 Kf7 48.h4 Kg7 49.h5 Kh6 50.Nd5 Nd7
51.Kd3 Nc5+ 52.Ke3 Nd7  1/2-1/2

[Event "TCh-CHN 2012"]
[Site "Hangzhou CHN"]
[Date "2012.09.22"]
[Round "11"]
[White "Zeng,C"]
[Black "Chen Fan"]
[Result "1-0"]
[WhiteElo "2435"]
[BlackElo "2375"]

1.e4 c5 2.Nf3 d6 3.Bb5+ Bd7 4.Bxd7+ Nxd7 5.O-O Ngf6 6.Qe2 e6 7.c4 Be7 8.Nc3 O-O
9.d4 cxd4 10.Nxd4 a6 11.b3 Qa5 12.Bd2 Qe5 13.Nf3 Qh5 14.Rfd1 b5 15.Bf4 Qc5
16.Rac1 bxc4 17.Na4 Qa5 18.Rxc4 Ne5 19.Nxe5 dxe5 20.Be3 Qb5 21.f3 Rad8 22.Rxd8 Rxd8
23.Rc2 Nh5 24.Qxb5 axb5 25.Nb6 Rd1+ 26.Kf2 f5 27.Rc1 Rd3 28.Rc8+ Kf7 29.Ke2 Rd6
30.Rc7 Rd8 31.Nc8 Kf6 32.Nxe7 Ra8 33.a3 Rxa3 34.Ng8+ Kg6 35.exf5+ exf5 36.Ne7+ Kf6
37.Rc6+ Kf7 38.Nxf5 Rxb3 39.g4 Nf4+ 40.Bxf4 exf4 41.Rc7+ Kf6 42.Nxg7  1-0

[Event "Caissa GM Sept 2012"]
[Site "Kecskemet HUN"]
[Date "2012.09.22"]
[Round "9.1"]
[White "Ilincic,Z"]
[Black "Sax,G"]
[Result "1/2-1/2"]
[WhiteElo "2450"]
[BlackElo "2451"]

1.e4 c5 2.Nf3 d6 3.Bb5+ Bd7 4.Bxd7+ Qxd7 5.O-O Nc6 6.c4 e5 7.Nc3 g6 8.d3 Bg7
9.Re1 Nge7 10.a3 O-O 11.b4 b6  1/2-1/2

[Event "TCh-SRB Prem 2012"]
[Site "Valjevo SRB"]
[Date "2012.09.22"]
[Round "6.1"]
[White "Marinovic,B"]
[Black "Kovacevic,A"]
[Result "1/2-1/2"]
[WhiteElo "2390"]
[BlackElo "2549"]

1.e4 c5 2.Nf3 d6 3.Bb5+ Nd7 4.d4 cxd4 5.Qxd4 a6 6.Bxd7+ Bxd7 7.O-O e5 8.Qd3 h6
9.c4 b5 10.Nc3 bxc4 11.Qxc4 Nf6 12.Qd3 Be7 13.Nd2 O-O 14.Nc4 Be6 15.Ne3 Qc7
16.Bd2 Qb7 17.b3 Rfd8  1/2-1/2